| 000 | 00850cam a22001935a 4500 | ||
|---|---|---|---|
| 001 | L141158 | ||
| 008 | 071031s1894 xxk eng u | ||
| 035 | _a(Sirsi) u141158 | ||
| 041 | 0 | _aeng | |
| 110 | 2 |
_aEdwin Fox and Bousfield _95433 |
|
| 245 | 0 | 4 | _aThe New River...abstract particulars and conditions of sale of freehold estates...comprising about a quarter of an Adventurer's Share and one half of a King's Share in the estates and interests of the New River...for sale by auction at the Mart, Tokenhouse Yard, Bank of England on Wednesday the 14th day of March 1894... |
| 260 |
_aS.l. _bs.n. _c[1894] |
||
| 300 |
_a3 leaves _c42 x 27 cm., folded to 27 x 11 cm. |
||
| 340 | _aPrinted | ||
| 351 | _cSingle item | ||
| 651 | 4 | _aLondon | |
| 690 | _aPROPERTY-PROPERTY ACQUISITION AND DISPOSAL-ACQUISITION AND DISPOSAL AT AUCTION | ||
| 942 | _n0 | ||
| 999 |
_c116630 _d116630 |
||